Modernism imperialism and the historical sense (Record no. 14658)

MARC details
000 -LEADER
fixed length control field 00472nam a2200169Ia 4500
008 - FIXED-LENGTH DATA ELEMENTS--GENERAL INFORMATION
fixed length control field 230917s9999||||xx |||||||||||||| ||und||
020 ## - ISBN
Price USD99.99
040 ## - CATALOGING SOURCE
-- 224797
Original cataloging agency VIVEKANANDA LIBRARY
041 ## - Language
-- English
082 ## - DDC NUMBER
Classification number 810.9 S81M
100 ## - MAIN ENTRY--PERSONAL NAME
Personal name Stasi, Paul
245 #0 - TITLE STATEMENT
Title Modernism imperialism and the historical sense
260 ## - PUBLICATION, DISTRIBUTION, ETC. (IMPRINT)
Place of publication, distribution, etc Cambridge
Name of publisher, distributor, etc Cambridge University Press
Date of publication, distribution, etc 2012
300 ## - PHYSICAL DESCRIPTION
Pages ix, 188 p.
500 ## - GENERAL NOTE
General note 1965 09/02/2015 IBS253 12/03/2015 Main Budget
942 ## - ADDED ENTRY ELEMENTS (KOHA)
Koha item type Books
Holdings
Withdrawn status Lost status Damaged status Not for loan Location (home branch) Sublocation or collection (holding branch) Date acquired Koha issues (times borrowed) Koha full call number Accession No. Koha date last seen Koha item type
        VIVEKANANDA LIBRARY VIVEKANANDA LIBRARY 22/05/2015   810.9 S81M 348144 17/09/2023 Books
© Designed and Maintained by Vivekananda Library, MDU Rohtak